Normal view
MARC view
- Michael, L. B
Entry Personal Name
001 - CONTROL NUMBER
- control field: 97924
003 - CONTROL NUMBER IDENTIFIER
- control field: NUST
005 - DATE AND TIME OF LATEST TRANSACTION
- control field: 20220818101828.0
008 - FIXED-LENGTH DATA ELEMENTS
- fixed length control field: 220818|| aca||aabn | a|a d
040 ## - CATALOGING SOURCE
- Original cataloging agency: NUST
- Transcribing agency: NUST
100 ## - HEADING--PERSONAL NAME
- Personal name: Michael, L. B
670 ## - SOURCE DATA FOUND
- Source citation: Work cat.: (NUST)198630: Ghavami, M. 97921, Ultra-wideband signals and systems in communication engineering /, c2004.
